000 00338 a2200157 4500
001 153183
040 _cEscola São Tomás de Aquino
100 _aSANT´ANNA, Ivan
240 1 0 _aCaixa-preta
_lpor
245 1 0 _aCaixa-preta
300 _a328
362 0 _a2000
440 1 _aObjetiva
697 _aLITERATURA BRASILEIRA
942 _cBK
999 _c153183
_d153183